Statistics for Arctic Monkeys Lyrics - She Looks Like Fun

Click here to take the quiz!

General Stats

  • This quiz has been taken 19 times
  • The average score is 136 of 198

Answer Stats

Lyrics% Correct
fun)
100%
like
100%
like)
100%
looks
100%
(She
100%
I
87%
a
73%
Good
73%
I'm
73%
I've
73%
my
73%
so
73%
the
73%
We
73%
we
73%
you
73%
be
67%
Cheeseburger
67%
got
67%
in
67%
morning
67%
on
67%
to
67%
your
67%
And
60%
are
60%
but
60%
can
60%
how
60%
into
60%
it
60%
No
60%
no
60%
of
60%
right
60%
Smile
60%
that
60%
where
60%
why
60%
all
53%
as
53%
Baby,
53%
can't
53%
four
53%
get
53%
if
53%
just
53%
One,
53%
place
53%
skull
53%
something
53%
straw
53%
three,
53%
time
53%
tropical
53%
two,
53%
what
53%
with
53%
you've
53%
about
47%
along?
47%
arts
47%
bars
47%
Bukowski
47%
'cause
47%
dickheads
47%
Dogsitting
47%
Finally,
47%
full
47%
length
47%
less
47%
martial
47%
need
47%
New
47%
order
47%
party
47%
plugged
47%
Re-thinking
47%
shite
47%
Snowboarding
47%
spend
47%
strangers
47%
they
47%
thought
47%
tongue
47%
Waffling
47%
wag
47%
around
40%
changes
40%
cloudy
40%
Dance
40%
enters
40%
Key
40%
limit
40%
Manor,
40%
March
40%
memorable
40%
mind
40%
moved
40%
much
40%
NYE
40%
one's
40%
online
40%
respect
40%
share
40%
skies
40%
somebody's
40%
stood
40%
streets
40%
them
40%
there's
40%
There's
40%
through
40%
watching,
40%
Wayne
40%
Every
33%
Screwballing
33%
whimsical
33%

Score Distribution

Percentile by Number Answered

Percent of People with Each Score

Your Score History

You have not taken this quiz